Contemporary Issues of Sustainable Development Monograph

Uložené v:
Podrobná bibliografia
Ďalší autori: Pokusa, Tadeusz, Nestorenko, Olexandr, Ostenda, Aleksander, Baban, Tetiana, Dubrovina, Nadiya, 1972-
Médium: Kniha
Jazyk:English
Polish
Russian
Ukrainian
Vydavateľské údaje: Opole Publishing House WSZiA 2019
Vydanie:1th Edition
Predmet:
Tagy: Pridať tag
Žiadne tagy, Buďte prvý, kto otaguje tento záznam!

MARC

LEADER 00000nlm a2200000 4500
001 0258041
005 20240514065513.7
020 |a 978-83-946765-7-5 
041 0 |a eng 
041 0 |a pol 
041 0 |a rus 
041 0 |a ukr 
044 |a PL 
245 1 0 |a Contemporary Issues of Sustainable Development  |b Monograph  |c Edited by: Tadeusz Pokusa, Olexandr Nestorenko ; Reviewers: Aleksander Ostenda, Tetiana Baban, Nadiya Dubrovina 
250 |a 1th Edition 
264 1 |a Opole  |b Publishing House WSZiA  |c 2019 
300 |a online 452 s. 
610 2 0 |a vývoj spoločenský 
610 2 0 |a rozvoj hospodársky 
610 2 0 |a rozvoj trvalo udržateľný 
610 2 0 |a nástroje ekonomické 
610 2 0 |a nástroje finančné 
610 2 0 |a zmeny štruktúrne 
610 2 0 |a pedagogika 
610 2 0 |a psychológia 
610 2 0 |a transformácia 
610 2 0 |a vzťahy spoločenské 
610 2 0 |a globalizácia 
610 2 0 |a vzťahy politické medzinárodné 
700 1 |a Pokusa, Tadeusz 
700 1 |a Nestorenko, Olexandr 
700 1 |a Ostenda, Aleksander 
700 1 |a Baban, Tetiana 
700 1 |a Dubrovina, Nadiya, 1972-